00700cam a2200193 a 450000100100000000500170001000800410002704000250006808200200009310000280011324500530014126000550019430000200024944000390026965000290030865000310033795201230036899900150049100000134420200929145541.0770601s1976 ag 001 p spa  aDO-SdBNPbspacBNPHU aAr861.44bC235e1 aCao, Omar,d1948-9451510aEmigrado de la luna y otros asuntos /cOmar Cao. aRosario, Argentina :bEl Lagrimal Trifurca,c1976. a87 p. ;c17 cm. 0aEl Búho encantado ;vno. 894516 4aPoesía argentina93859 4aLiteratura argentina93860 001052708MOaGRbGRcCTd2009-07-23iLF1l0oAr861.44 C235ep1344-10r2020-06-25w2020-06-25y2ZPréstamo interno c1273d1273